000
00304nam a22001337a 4500
008
221004b ||||| |||| 00| 0 eng d
041
_a
eng
080
_2
sixth edition
_a
616.15
082
_a
616.15
100
_a
15.1
101
_a
HEMA
245
_a
CLINICAL HEMATOLOGY
_c
WINTROBE M
942
_2
udc
_c
BK
999
_c
58338
_d
58338